000 00710nam a22002177a 4500
008 130821s1943 ck gr spa
040 _aCo-BoUCM
_bspa
041 0 0 _aspa
092 _aFM 000697
100 _aPourrat, P
_9148624
245 0 3 _aLa teología del sacerdocio y sus consecuencias prácticas
_cP. Pourrat, traducción del francés
260 _aBogotá (Colombia)
_bAguila
_c1943
300 _a143 páginas
500 _aIncluye índice. -- Este libro se encuentra en el depósito de la biblioteca
600 _aJesucristo
_91986
610 _aIglesia Católica
_93579
650 0 4 _aClero
_911023
650 0 4 _aEncarnación
_914156
650 0 4 _aSacerdotes
_923877
942 _cLIBRO
_a27
_e1
_n0
999 _c84602
_d84602